000 00491nam a2200157Ia 4500
003 GCL
005 20240530110259.0
008 140319s9999 xx 000 0 ara d
040 _aGCL /
_cGCL
082 0 4 _aم
_b610.30
_bح م
100 _aمجمع اللغة العربية
245 1 0 _aمعجم المصطلحات الطبية
_cمجمع اللغة العربية
260 _a[S.N] :
_bمجمع اللغة العربية ،
_c1990
490 _aماذا اعرف
_v0
942 _2ddc
_cBK
999 _c59583
_d59583